[Event "Arco op 31st"]
[Site "Arco"]
[Date "2009.10.23"]
[Round "7"]
[White "Anquandah, Francis Eric"]
[Black "Clech, Jean Louis"]
[Result "0-1"]
[WhiteElo "1440"]
[BlackElo "2052"]
[PlyCount "81"]
[EventDate "2009.10.17"]
[EventType "swiss"]
[EventRounds "9"]
[EventCountry "ITA"]
[SourceTitle "EXT 2010"]
[Source "ChessBase"]
[SourceDate "2010.11.25"]
[SourceVersion "1"]
[SourceVersionDate "2010.11.25"]
[SourceQuality "1"]

1. e4 Nc6 2. d4 d5 3. e5 f6 4. f4 Nh6 5. Nf3 Bf5 6. Bd3 Be4 7. c3 e6 8. exf6 gxf6 9. Qe2 f5 10. Bb5 Nf7 11. Nbd2 Qd7 12. Nxe4 fxe4 13. Ne5 Nfxe5 14. fxe5 0-0-0 15. Bg5 Re8 16. 0-0-0 Be7 17. Bxe7 Qxe7 18. Rhf1 Qg5+ 19. Kc2 Ref8 20. Bxc6 bxc6 21. g3 Kd7 22. c4 h5 23. cxd5 exd5 24. Rf2 Qg4 25. Rd2 Qxe2 26. Rdxe2 c5 27. Kc3 Ke6 28. b4 cxd4+ 29. Kxd4 Rf3 30. Rc2 c5+ 31. Kxc5 Rc8+ 32. Kb5 Rxc2 33. Rxc2 e3 34. Re2 Kxe5 35. a4 Ke4 36. a5 d4 37. Rc2 Kd3 38. Rc1 Kd2 39. Rc4 d3 40. Kc6 e2 41. Kd7 0-1

[Event "Arco op 31st"]
[Site "Arco"]
[Date "2009.10.20"]
[Round "5"]
[White "Helbig, Dieter"]
[Black "Clech, Jean Louis"]
[Result "0-1"]
[WhiteElo "1858"]
[BlackElo "2052"]
[PlyCount "84"]
[EventDate "2009.10.17"]
[EventType "swiss"]
[EventRounds "9"]
[EventCountry "ITA"]
[SourceTitle "EXT 2010"]
[Source "ChessBase"]
[SourceDate "2010.11.25"]
[SourceVersion "1"]
[SourceVersionDate "2010.11.25"]
[SourceQuality "1"]

1. c4 c6 2. Nc3 d5 3. cxd5 cxd5 4. d4 Nf6 5. Nf3 Nc6 6. Bf4 e6 7. e3 a6 8. Be2 Be7 9. 0-0 Nh5 10. Bg5 Nf6 11. h3 h6 12. Bf4 Bd7 13. a3 0-0 14. Bd3 Rc8 15. Qe2 Nh5 16. Bh2 f5 17. Ne5 Nxe5 18. dxe5 g6 19. g4 Ng7 20. Rac1 Qa5 21. Qe1 Qb6 22. Qd2 Rfd8 23. Ne2 Be8 24. Bg3 Bb5 25. Bxb5 Qxb5 26. Kh2 Rc4 27. Nd4 Qd7 28. Rxc4 dxc4 29. Qc3 b5 30. f3 Kh7 31. Be1 Qd5 32. Kg3 Qxe5+ 33. Kg2 f4 34. Qa5 Rd6 35. Qc7 Bd8 36. Qb8 Qd5 37. Bb4 Rb6 38. Qxf4 e5 39. e4 Qxd4 40. Qf8 Rf6 41. Qc5 Qxc5 42. Bxc5 Ne6 0-1

[Event "FRA Cup"]
[Site "Issy les Moulineaux"]
[Date "2009.02.01"]
[Round "4"]
[White "Clech, Jean Louis"]
[Black "Fontaine, Olivier"]
[Result "1/2-1/2"]
[WhiteElo "2070"]
[BlackElo "1812"]
[PlyCount "168"]
[EventDate "2009.01.??"]
[EventType "team-match"]
[EventRounds "2"]
[EventCountry "FRA"]
[SourceTitle "EXT 2010"]
[Source "ChessBase"]
[SourceDate "2010.11.25"]
[SourceVersion "1"]
[SourceVersionDate "2010.11.25"]
[SourceQuality "1"]
[WhiteTeam "Club 608"]
[BlackTeam "Potemkine"]
[WhiteTeamCountry "FRA"]
[BlackTeamCountry "FRA"]

1. d4 Nf6 2. Bg5 Ne4 3. Bf4 d5 4. e3 Nd7 5. Bd3 Ndf6 6. f3 Nd6 7. Ne2 Bf5 8. Bxf5 Nxf5 9. Qd3 Qd7 10. e4 dxe4 11. fxe4 Nh6 12. Nd2 g6 13. Nf3 Nh5 14. Bg5 f6 15. Bd2 Nf7 16. Qb3 c6 17. 0-0-0 Bh6 18. e5 Bxd2+ 19. Rxd2 Qc7 20. g4 Ng7 21. h4 fxe5 22. h5 gxh5 23. gxh5 e4 24. Ne5 Nxe5 25. dxe5 Rd8 26. Rxd8+ Kxd8 27. Qg3 e6 28. Qf4 Nf5 29. Qxe4 Kc8 30. Rg1 Rd8 31. Nf4 Rd4 32. Rg8+ Kd7 33. Qxf5 exf5 34. Rg7+ Ke8 35. Rxc7 Rxf4 36. Rxb7 Re4 37. Rxh7 f4 38. Rh6 Rxe5 39. Rf6 Rxh5 40. Rxf4 Rh1+ 41. Kd2 Rh2+ 42. Kc3 Rh3+ 43. Kb4 Rh2 44. Rc4 Kd7 45. b3 Kc7 46. a4 Rh5 47. Rg4 a5+ 48. Kc4 Kb6 49. c3 Rc5+ 50. Kd3 Rd5+ 51. Rd4 Rh5 52. Rc4 Rh3+ 53. Ke2 Rh2+ 54. Ke3 Rh3+ 55. Kf2 Rh2+ 56. Kg3 Re2 57. Kf4 Re1 58. Re4 Rc1 59. Rc4 Re1 60. b4 Ra1 61. bxa5+ Kxa5 62. Ke5 Rxa4 63. Rxc6 Kb5 64. Kd5 Rh4 65. c4+ Ka5 66. Re6 Rh5+ 67. Re5 Rh1 68. Kc6+ Ka6 69. Rd5 Rh4 70. c5 Ka7 71. Kc7 Rh7+ 72. Rd7 Rh5 73. c6 Rh8 74. Rd8 Rh7+ 75. Rd7 Rh8 76. Re7 Rg8 77. Kd6+ Kb8 78. Kd7 Rc8 79. Kd6 Rh8 80. Kc5 Rh1 81. Rd7 Rc1+ 82. Kd6 Rd1+ 83. Ke7 Rc1 84. Kd6 Rd1+ 1/2-1/2

[Event "Budapest FS07 FM-B"]
[Site "Budapest"]
[Date "2007.07.07"]
[Round "1"]
[White "Clech, Jean Louis"]
[Black "Borda, Lajos"]
[Result "0-1"]
[WhiteElo "2090"]
[BlackElo "2166"]
[PlyCount "77"]
[EventDate "2007.07.07"]
[EventType "tourn"]
[EventRounds "10"]
[EventCountry "HUN"]
[SourceTitle "EXT 2008"]
[Source "ChessBase"]
[SourceDate "2007.11.25"]
[SourceVersion "1"]
[SourceVersionDate "2007.11.25"]
[SourceQuality "1"]

1. e4 c5 2. Nf3 a6 3. c3 d5 4. exd5 Qxd5 5. d4 cxd4 6. cxd4 Bg4 7. Nc3 Qd6 8. Be2 e6 9. Qa4+ Nd7 10. a3 Rd8 11. d5 Ngf6 12. dxe6 Bxe6 13. 0-0 b5 14. Nxb5 axb5 15. Bxb5 Nd5 16. Be3 Be7 17. Rac1 0-0 18. Rc6 Qb8 19. Bd4 N7f6 20. Ne5 Bd6 21. Ba7 Qb7 22. Nc4 Bc7 23. Bc5 Ra8 24. Ra6 Rfb8 25. Nd6 Rxa6 26. Bxa6 Qxb2 27. Ne4 Qe5 28. Ng3 Nc3 29. Qd4 Qxd4 30. Bxd4 Nfd5 31. Rc1 Ra8 32. Bf1 Rxa3 33. Ne2 Nxe2+ 34. Bxe2 h6 35. g3 Bb6 36. Bxb6 Nxb6 37. h4 Nd7 38. Rc2 g6 39. Kg2 0-1

[Event "Budapest FS06 FM-A"]
[Site "Budapest"]
[Date "2005.06.11"]
[Round "8"]
[White "Juhasz, Mark"]
[Black "Clech, Jean Louis"]
[Result "1-0"]
[WhiteElo "2172"]
[BlackElo "2085"]
[PlyCount "67"]
[EventDate "2005.06.04"]
[EventType "tourn"]
[EventRounds "11"]
[EventCountry "HUN"]
[SourceTitle "CBM 106 Extra"]
[Source "ChessBase"]
[SourceDate "2005.07.01"]
[SourceVersion "1"]
[SourceVersionDate "2005.07.01"]
[SourceQuality "1"]

1. d4 d5 2. c4 Nc6 3. e3 e5 4. cxd5 Qxd5 5. Nc3 Bb4 6. Bd2 Bxc3 7. bxc3 Qd6 8. Bd3 Nf6 9. Ne2 0-0 10. Ng3 Bg4 11. f3 Be6 12. 0-0 exd4 13. cxd4 Nxd4 14. Bc3 Nc6 15. Bxf6 gxf6 16. Qb1 Qc5 17. Bxh7+ Kg7 18. Re1 Rh8 19. Be4 Na5 20. Qb2 Nc4 21. Rac1 Qa5 22. Qe2 Rad8 23. Nf1 b6 24. f4 f5 25. Bd3 b5 26. Ng3 f6 27. Bxf5 Bxf5 28. Nxf5+ Kf7 29. Red1 Nd6 30. Nd4 Rde8 31. f5 Re4 32. Qf3 b4 33. Nb3 Re7 34. Nxa5 1-0

[Event "Budapest FS06 FM-A"]
[Site "Budapest"]
[Date "2005.06.09"]
[Round "6"]
[White "Marodi, Matyas"]
[Black "Clech, Jean Louis"]
[Result "1/2-1/2"]
[WhiteElo "2144"]
[BlackElo "2085"]
[PlyCount "45"]
[EventDate "2005.06.04"]
[EventType "tourn"]
[EventRounds "11"]
[EventCountry "HUN"]
[SourceTitle "CBM 106 Extra"]
[Source "ChessBase"]
[SourceDate "2005.07.01"]
[SourceVersion "1"]
[SourceVersionDate "2005.07.01"]
[SourceQuality "1"]

1. d4 Nc6 2. c4 e5 3. d5 Nce7 4. Nf3 Ng6 5. g3 Bc5 6. Bg2 Nf6 7. 0-0 d6 8. Nc3 a5 9. Ne1 0-0 10. Nd3 Ba7 11. e4 c6 12. Kh1 Bd7 13. Bg5 h6 14. Bxf6 Qxf6 15. f4 exf4 16. Nxf4 Qd4 17. Nxg6 fxg6 18. Qe2 Rf2 19. Rxf2 Qxf2 20. Qxf2 Bxf2 21. Rd1 c5 22. Bf3 Bd4 23. Kg2 1/2-1/2

[Event "Budapest FS06 FM-A"]
[Site "Budapest"]
[Date "2005.06.08"]
[Round "5"]
[White "Clech, Jean Louis"]
[Black "Navabi, Shirin"]
[Result "1/2-1/2"]
[WhiteElo "2085"]
[BlackElo "2122"]
[PlyCount "31"]
[EventDate "2005.06.04"]
[EventType "tourn"]
[EventRounds "11"]
[EventCountry "HUN"]
[SourceTitle "CBM 106 Extra"]
[Source "ChessBase"]
[SourceDate "2005.07.01"]
[SourceVersion "1"]
[SourceVersionDate "2005.07.01"]
[SourceQuality "1"]

1. Nf3 Nf6 2. d4 b6 3. g3 Bb7 4. Bg2 e6 5. 0-0 c5 6. c4 Be7 7. Nc3 cxd4 8. Nb5 0-0 9. Nbxd4 Qc8 10. b3 Nc6 11. Bb2 Nxd4 12. Qxd4 Qc5 13. Rfd1 Qxd4 14. Bxd4 Rfd8 15. Rac1 Rac8 16. Bb2 1/2-1/2

[Event "Budapest FS09 FM-A"]
[Site "Budapest"]
[Date "2004.09.11"]
[Round "8"]
[White "Havaskori, Laszlo"]
[Black "Clech, Jean Louis"]
[Result "1/2-1/2"]
[WhiteElo "2115"]
[BlackElo "2089"]
[PlyCount "141"]
[EventDate "2004.09.??"]
[EventType "tourn"]
[EventRounds "11"]
[EventCountry "HUN"]
[SourceTitle "CBM 102 Extra"]
[Source "ChessBase"]
[SourceDate "2004.11.03"]
[SourceVersion "1"]
[SourceVersionDate "2004.11.03"]
[SourceQuality "1"]

1. d4 Nc6 2. e4 d5 3. e5 Bf5 4. c3 Qd7 5. Nd2 f6 6. f4 e6 7. Be2 fxe5 8. fxe5 Nh6 9. Bh5+ g6 10. Be2 Qe7 11. Ndf3 Nf7 12. Be3 g5 13. h4 g4 14. Nd2 h5 15. Nb3 Qd7 16. Qd2 a5 17. Nc1 Nb4 18. Nd3 Nxd3+ 19. Bxd3 Bxd3 20. Qxd3 Bh6 21. Bg5 Bxg5 22. hxg5 0-0-0 23. g6 Ng5 24. Qe3 Ne4 25. Ne2 h4 26. 0-0-0 Rdg8 27. Nf4 Ng3 28. Rxh4 Rxh4 29. Qxg3 Rgh8 30. b3 Qe7 31. Kb2 b5 32. g7 Qxg7 33. Nxe6 Qg6 34. Nf4 Qf5 35. Nxd5 Qe4 36. Nf6 Qe2+ 37. Kc1 Rh1 38. Qxg4+ Qxg4 39. Nxg4 R8h4 40. Ne3 Rxd1+ 41. Kxd1 b4 42. Kd2 Rf4 43. Kd3 Rf2 44. cxb4 axb4 45. g4 Rxa2 46. g5 Ra1 47. g6 Rg1 48. Nf5 Kd7 49. d5 Rxg6 50. Kd4 Rg4+ 51. Kc5 Rg5 52. e6+ Ke8 53. Nd4 Kd8 54. Nc6+ Kc8 55. Nxb4 Rg3 56. Kc4 Rg4+ 57. Kc3 Rg3+ 58. Nd3 Kd8 59. Kd4 Rh3 60. Nc5 Ke7 61. b4 Rh4+ 62. Ne4 Rh1 63. b5 Rd1+ 64. Ke5 Rb1 65. Nc3 Rb3 66. Kd4 Rb4+ 67. Kc5 Rb3 68. Kc4 Rb2 69. Kd4 Rb4+ 70. Kc5 Rb2 71. Na4 1/2-1/2

[Event "Budapest FS09 FM-A"]
[Site "Budapest"]
[Date "2004.09.09"]
[Round "6"]
[White "Ignacz, Maria"]
[Black "Clech, Jean Louis"]
[Result "1-0"]
[WhiteElo "2193"]
[BlackElo "2089"]
[PlyCount "61"]
[EventDate "2004.09.??"]
[EventType "tourn"]
[EventRounds "11"]
[EventCountry "HUN"]
[SourceTitle "CBM 102 Extra"]
[Source "ChessBase"]
[SourceDate "2004.11.03"]
[SourceVersion "1"]
[SourceVersionDate "2004.11.03"]
[SourceQuality "1"]

1. d4 Nc6 2. Nf3 d5 3. e3 Bg4 4. Be2 Nf6 5. c4 e6 6. 0-0 Be7 7. Nc3 0-0 8. h3 Bxf3 9. Bxf3 Qd7 10. Qe2 Rfd8 11. b3 Bb4 12. Bb2 Bxc3 13. Bxc3 Ne7 14. Rad1 Ng6 15. e4 Nh4 16. cxd5 Nxf3+ 17. Qxf3 exd5 18. e5 Ne4 19. Bb2 a5 20. Qf4 f6 21. f3 fxe5 22. dxe5 Nc5 23. Qe3 b6 24. f4 Ne4 25. f5 a4 26. Rf4 Qe8 27. Re1 axb3 28. a3 c5 29. f6 gxf6 30. exf6 Ra7 31. Rg4+ 1-0

[Event "FRA-chT2 0304"]
[Site "France"]
[Date "2004.01.17"]
[Round "5"]
[White "Peter, Sebastien"]
[Black "Clech, Jean Louis"]
[Result "1-0"]
[WhiteElo "2227"]
[BlackElo "2105"]
[PlyCount "75"]
[EventDate "2003.10.??"]
[EventType "team"]
[EventRounds "11"]
[EventCountry "FRA"]
[SourceTitle "EXT 2005"]
[Source "ChessBase"]
[SourceDate "2004.11.15"]
[SourceVersion "1"]
[SourceVersionDate "2004.11.15"]
[SourceQuality "1"]

1. e4 e6 2. d4 d5 3. Nd2 Nc6 4. Ngf3 Nf6 5. e5 Nd7 6. Be2 Be7 7. Nf1 f6 8. exf6 Nxf6 9. Ne3 Bd7 10. 0-0 0-0 11. c4 Kh8 12. a3 a5 13. Re1 a4 14. b4 axb3 15. Qxb3 Na5 16. Qc2 b6 17. Ne5 Be8 18. cxd5 exd5 19. Nf5 Bd6 20. Bg5 c5 21. Bf3 Qc7 22. Bf4 cxd4 23. Qd3 Nc4 24. Nxd6 Nxd6 25. Qxd4 Ra4 26. Qd2 Nfe4 27. Bxe4 dxe4 28. Rad1 Qc8 29. Qxd6 Rxf4 30. Ng6+ Bxg6 31. Qxf4 Rxa3 32. Qg5 Ra8 33. h4 Kg8 34. h5 Be8 35. h6 Qb7 36. Rxe4 Bg6 37. Re7 gxh6 38. Qf6 1-0

[Event "FRA-chT2 0304"]
[Site "France"]
[Date "2003.10.12"]
[Round "1"]
[White "Clech, Jean Louis"]
[Black "Lebrun, Xavier"]
[Result "0-1"]
[WhiteElo "2118"]
[BlackElo "2230"]
[PlyCount "36"]
[EventDate "2003.10.??"]
[EventType "team"]
[EventRounds "11"]
[EventCountry "FRA"]
[SourceTitle "EXT 2005"]
[Source "ChessBase"]
[SourceDate "2004.11.15"]
[SourceVersion "1"]
[SourceVersionDate "2004.11.15"]
[SourceQuality "1"]

1. d4 Nf6 2. Bg5 g6 3. Nc3 d5 4. Qd2 Bf5 5. f3 Bg7 6. g4 Be6 7. 0-0-0 c6 8. Bh6 Bxh6 9. Qxh6 Nbd7 10. Nh3 Qa5 11. Nf4 b5 12. g5 Nh5 13. Nxh5 gxh5 14. e4 b4 15. Nb1 dxe4 16. fxe4 Bg4 17. Rd3 b3 18. Rc3 bxa2 0-1

[Event "Budapest FS09 FM-A"]
[Site "Budapest"]
[Date "2003.09.10"]
[Round "5"]
[White "Clech, Jean Louis"]
[Black "Fernandez Manrique, Agustin"]
[Result "1-0"]
[WhiteElo "2118"]
[BlackElo "2147"]
[PlyCount "107"]
[EventDate "2003.09.06"]
[EventType "tourn"]
[EventRounds "11"]
[EventCountry "HUN"]
[SourceTitle "EXT 2005"]
[Source "ChessBase"]
[SourceDate "2004.11.15"]
[SourceVersion "1"]
[SourceVersionDate "2004.11.15"]
[SourceQuality "1"]

1. d4 Nf6 2. Bg5 g6 3. Nc3 Bg7 4. Qd2 h6 5. Bf4 g5 6. Bg3 Nh5 7. e4 d6 8. Be2 Nxg3 9. hxg3 Nc6 10. d5 Nb4 11. a3 Na6 12. f4 g4 13. Rh5 c6 14. 0-0-0 Qa5 15. e5 dxe5 16. fxe5 cxd5 17. Bb5+ Bd7 18. Bxd7+ Kxd7 19. Qf4 Ke8 20. Qxg4 Kf8 21. Rxd5 Qb6 22. Qd1 e6 23. Rd6 Qe3+ 24. Kb1 Kg8 25. Nf3 Rc8 26. Rd3 Qb6 27. Ne4 Nc5 28. Rd6 Qc7 29. Nxc5 Qxc5 30. Rd8+ Rxd8 31. Qxd8+ Kh7 32. Qd3+ Kg8 33. Rh4 Qb6 34. Rb4 Qc7 35. Rc4 Qb6 36. Rc8+ Bf8 37. Ka2 Kg7 38. Rc4 Rg8 39. Qd7 Bc5 40. Rf4 Rf8 41. Rg4+ Kh8 42. Re4 Kg7 43. Qd2 Qd8 44. Rg4+ Kh7 45. Qf4 Be7 46. Qe4+ Kh8 47. Qxb7 a5 48. Rd4 Qe8 49. Rd7 Bg5 50. Nxg5 hxg5 51. g4 Kg7 52. Qc7 Qa8 53. Qb7 Qc8 54. Rxf7+ 1-0

[Event "Budapest FS09 FM-A"]
[Site "Budapest"]
[Date "2003.09.07"]
[Round "2"]
[White "Bozinovic, Boban"]
[Black "Clech, Jean Louis"]
[Result "1-0"]
[WhiteElo "2207"]
[BlackElo "2118"]
[PlyCount "77"]
[EventDate "2003.09.06"]
[EventType "tourn"]
[EventRounds "11"]
[EventCountry "HUN"]
[SourceTitle "EXT 2005"]
[Source "ChessBase"]
[SourceDate "2004.11.15"]
[SourceVersion "1"]
[SourceVersionDate "2004.11.15"]
[SourceQuality "1"]

1. e4 Nc6 2. Nf3 d6 3. d4 Nf6 4. d5 Nb8 5. Bd3 g6 6. h3 Bg7 7. 0-0 0-0 8. Re1 c5 9. c4 Na6 10. Nc3 Nc7 11. a4 Na6 12. Nh2 Nb4 13. f4 e6 14. Bb1 exd5 15. cxd5 Re8 16. Nf3 b6 17. Ra3 Bb7 18. Nd2 Qe7 19. Rf1 Nh5 20. Nc4 Ba6 21. Nb5 Rad8 22. Kh2 Bxb5 23. axb5 Bd4 24. Raf3 f6 25. Bd2 a5 26. g4 Ng7 27. Bc3 Qd7 28. Bxd4 cxd4 29. Qxd4 Qxb5 30. b3 Qc5 31. Qxf6 a4 32. f5 axb3 33. fxg6 hxg6 34. e5 Nc2 35. Nxd6 Rf8 36. Qh4 Qxd5 37. Rxf8+ Rxf8 38. Rxf8+ Kxf8 39. Qd8+ 1-0

[Event "Budapest FS09 FM-A"]
[Site "Budapest"]
[Date "2003.09.06"]
[Round "1"]
[White "Clech, Jean Louis"]
[Black "Balint, Vilmos"]
[Result "1/2-1/2"]
[WhiteElo "2118"]
[BlackElo "2172"]
[PlyCount "78"]
[EventDate "2003.09.06"]
[EventType "tourn"]
[EventRounds "11"]
[EventCountry "HUN"]
[SourceTitle "EXT 2005"]
[Source "ChessBase"]
[SourceDate "2004.11.15"]
[SourceVersion "1"]
[SourceVersionDate "2004.11.15"]
[SourceQuality "1"]

1. d4 c5 2. dxc5 e6 3. Nc3 Nf6 4. e4 Nc6 5. Be3 Qa5 6. f3 Bxc5 7. Bxc5 Qxc5 8. Qd2 d5 9. exd5 Nxd5 10. Nxd5 exd5 11. 0-0-0 Be6 12. Ne2 Rc8 13. Qc3 Nb4 14. Qxc5 Rxc5 15. c3 0-0 16. a3 Nc6 17. Nd4 Nb8 18. Bd3 Nd7 19. Rhe1 Re8 20. Bb5 Rc7 21. Re3 a6 22. Ba4 b5 23. Bb3 Rb8 24. Bc2 Nf8 25. Rde1 a5 26. f4 b4 27. cxb4 axb4 28. f5 Bxf5 29. Nxf5 b3 30. Rc3 Rxc3 31. bxc3 bxc2 32. Kxc2 Ne6 33. Ne7+ Kf8 34. Nxd5 Ra8 35. Ra1 Ra4 36. Rb1 g5 37. Rb8+ Kg7 38. Kb3 Nc5+ 39. Kb2 Re4 1/2-1/2

[Event "Budapest FS04 FM-A"]
[Site "Budapest"]
[Date "2001.??.??"]
[Round "3"]
[White "Clech, Jean Louis"]
[Black "Ritter, Gabor"]
[Result "1/2-1/2"]
[WhiteElo "2070"]
[BlackElo "2150"]
[PlyCount "125"]
[EventDate "2001.??.??"]
[EventType "tourn"]
[EventRounds "9"]
[EventCountry "HUN"]
[SourceTitle "EXT 2003"]
[Source "ChessBase"]
[SourceDate "2002.11.25"]
[SourceVersion "1"]
[SourceVersionDate "2002.11.25"]
[SourceQuality "1"]

1. d4 f5 2. Nc3 d5 3. e4 dxe4 4. f3 Nf6 5. Bg5 Nc6 6. d5 Ne5 7. Qd4 Nf7 8. Bxf6 exf6 9. fxe4 fxe4 10. Qxe4+ Be7 11. Nf3 Nd6 12. Qf4 0-0 13. 0-0-0 f5 14. h4 Bf6 15. Bd3 Bxc3 16. bxc3 Bd7 17. Rde1 Qf6 18. Kd2 Rae8 19. Ne5 Bc8 20. Re2 Re7 21. Rhe1 Rfe8 22. g3 Ne4+ 23. Bxe4 Qxe5 24. Bf3 Qxf4+ 25. gxf4 Rxe2+ 26. Rxe2 Rxe2+ 27. Kxe2 Kf7 28. Ke3 Ke7 29. Kd4 Kd6 30. c4 b6 31. a3 Bd7 32. Be2 Ba4 33. Bd3 g6 34. c3 Bd1 35. Bf1 Bf3 36. Bd3 c6 37. dxc6 Bxc6 38. Be2 h6 39. Bd3 Be8 40. Be2 Bc6 41. Bd3 Ke6 42. c5 Kf6 43. cxb6 axb6 44. Ke3 g5 45. hxg5+ hxg5 46. fxg5+ Kxg5 47. Bc2 f4+ 48. Kf2 Kf6 49. Bd3 Ke5 50. Bf1 Be4 51. Ke2 Kd5 52. Kd2 Kc5 53. Kc1 Bd5 54. Kd2 Bc4 55. Bh3 Kb5 56. Bd7+ Ka5 57. Ke1 Bb5 58. Be6 Bc6 59. Kf2 Ka4 60. c4 Kxa3 61. Bd5 Bd7 62. Kf3 Kb4 63. Kxf4 1/2-1/2

[Event "Budapest FS04 FM-A"]
[Site "Budapest"]
[Date "2001.??.??"]
[Round "2"]
[White "Gremeda, Nuri Milad"]
[Black "Clech, Jean Louis"]
[Result "0-1"]
[WhiteElo "2043"]
[BlackElo "2071"]
[PlyCount "78"]
[EventDate "2001.??.??"]
[EventType "tourn"]
[EventRounds "9"]
[EventCountry "HUN"]
[SourceTitle "EXT 2003"]
[Source "ChessBase"]
[SourceDate "2002.11.25"]
[SourceVersion "1"]
[SourceVersionDate "2002.11.25"]
[SourceQuality "1"]

1. d4 Nc6 2. Nf3 d5 3. Bf4 Bg4 4. Nbd2 e6 5. h3 Bh5 6. c3 Bd6 7. Bxd6 Qxd6 8. Qa4 Nge7 9. e3 0-0 10. g4 Bg6 11. h4 f6 12. h5 Bf7 13. 0-0-0 e5 14. dxe5 Nxe5 15. Ne4 Qb6 16. Nxe5 fxe5 17. Ng5 e4 18. Nh3 Be6 19. Be2 Rad8 20. Nf4 Rd6 21. c4 Bd7 22. Qc2 Qa5 23. b3 Bc6 24. c5 Rd7 25. g5 b6 26. Bg4 Nf5 27. Ne6 Rff7 28. Bxf5 Rxf5 29. Nd4 Rdf7 30. Nxf5 Rxf5 31. f4 bxc5 32. h6 g6 33. Qb2 d4 34. exd4 c4 35. Rh3 Bd5 36. bxc4 Bxc4 37. d5 Rf7 38. d6 Bd3 39. Qb3 cxd6 0-1

[Event "FRA-ch op Principal"]
[Site "Le Perreux"]
[Date "1994.??.??"]
[Round "4"]
[White "Clech, Jean Louis"]
[Black "Revol, Olivier"]
[Result "1/2-1/2"]
[WhiteElo "1890"]
[BlackElo "1740"]
[PlyCount "66"]
[EventDate "1994.??.??"]
[EventType "swiss"]
[EventRounds "7"]
[EventCountry "FRA"]
[SourceTitle "EXT 2004"]
[Source "ChessBase"]
[SourceDate "2003.11.25"]
[SourceVersion "1"]
[SourceVersionDate "2003.11.25"]
[SourceQuality "1"]

1. c4 Nf6 2. Nc3 e6 3. e4 d5 4. e5 Nfd7 5. d4 dxc4 6. Bxc4 c5 7. Nf3 cxd4 8. Qxd4 Nc6 9. Qe4 Nc5 10. Qe2 Be7 11. a3 a5 12. 0-0 0-0 13. Rd1 Qc7 14. Nb5 Qb8 15. b3 Nd7 16. Bf4 Nb6 17. Bd3 Nd5 18. Qe4 g6 19. Bg3 Na7 20. Nfd4 Bd7 21. Rdc1 Bxb5 22. Nxb5 Nxb5 23. Bxb5 Rc8 24. Bc4 Rc5 25. a4 Qc7 26. f4 Nb6 27. Bf2 Nxc4 28. bxc4 Rc6 29. Rab1 Rc8 30. g3 Bb4 31. Kf1 Rxc4 32. Rxc4 Qxc4+ 33. Qxc4 Rxc4 1/2-1/2